Exploring mathematics. / (Record no. 104009)
[ view plain ]
| 000 -LEADER | |
|---|---|
| fixed length control field | 00474nam a2200169 a 4500 |
| 005 - DATE AND TIME OF LATEST TRANSACTION | |
| control field | 20140412111311.0 |
| 008 - FIXED-LENGTH DATA ELEMENTS--GENERAL INFORMATION | |
| fixed length control field | 010329s19uu xx 00 eng d |
| 020 ## - INTERNATIONAL STANDARD BOOK NUMBER | |
| International Standard Book Number | 0-673-37545-5 |
| 050 ## - LIBRARY OF CONGRESS CALL NUMBER | |
| Classification number | TR(GS 510 |
| Item number | E96.2 1996 |
| 100 ## - MAIN ENTRY--PERSONAL NAME | |
| Personal name | Bolster, L. Carey |
| 245 ## - TITLE STATEMENT | |
| Title | Exploring mathematics. / |
| Statement of responsibility, etc | L. Carey Bolster. |
| 260 ## - PUBLICATION, DISTRIBUTION, ETC. (IMPRINT) | |
| Place of publication, distribution, etc | Glenview, Illinois : |
| Name of publisher, distributor, etc | Scott, Foresman Company, |
| Date of publication, distribution, etc | 1996. |
| 300 ## - PHYSICAL DESCRIPTION | |
| Extent | 456 p. |
| 440 ## - SERIES STATEMENT/ADDED ENTRY--TITLE | |
| Title | ScottForesman |
| 650 ## - SUBJECT ADDED ENTRY--TOPICAL TERM | |
| Topical term or geographic name as entry element | Mathematics |
| Withdrawn status | Lost status | Damaged status | Home library | Current library | Shelving location | Date acquired | Source of acquisition | Total Checkouts | Full call number | Barcode | Date last seen | Price effective from | Koha item type |
|---|---|---|---|---|---|---|---|---|---|---|---|---|---|
| Elizalde Library | Elizalde Library | Teachers Reference Section | 03/29/2001 | TR(GS 510 E96.2 1996 | E6257 | 04/12/2014 | 04/12/2014 | Books |